000 01431nam a2200349 i 4500
001 768714001
003 CO-MdFUSB
005 20240228082134.0
007 ta
008 171004t1987 enk||||| |||| 00| 0 eng d
020 _a0851107796
040 _aCO-MdFUSB
_bspa
_cCO-MdFUSB
_dCO-MdFUSBC
_erda
041 0 _aeng
082 0 4 _a224.207
_223
_bK46
100 1 _aKidner, Derek
_eautor
245 1 4 _aThe message of Jeremiah
_b: against wind and tide
_c/ Derek Kidner ; editado por J. A. Motyer
264 1 _aDowners Grove, ILL., USA :
_bInterVarsity Press,
_c℗[1987]
264 4 _c©1987
300 _a176 páginas ;
_c22 cm
336 _2rdacontent
_atexto
_btxt
337 _2rdamedia
_asin mediación
_bn
338 _2rdacarrier
_avolumen
_bnc
490 _aThe Bible Speaks Today
505 _aPrefacio general -- Prefacio del autor -- Abreviaturas principales -- Introducción: La vida y los tiempos de Jeremías -- Prólogo: el llamado del profeta -- De Josias al primer año de Nabuconodosor -- Desde los sucesores de Josias hasta la cautividad -- Oráculos concernientes a las naciones -- Epílogo: Jerusalén y Babilonia—Una nota histórica -- Apéndices
563 _aTapa rústica
630 0 7 _aBiblia.
_pJeremías
_vComentarios.
630 0 7 _aBiblia.
_pJeremías
_xCrítica, interpretación, etc.
700 _91431
_aMotyer, J. A.
_eeditor
942 _cBK
945 _aJTF-925
999 _c64710
_d64710